000 00708nam a2200217 i 4500
001 bg
100 1 _aNAHOTKO, Sławomir
245 1 0 _aDiagnozowanie menedżerskie w zarządzaniu przedsiębiorstwem /
_cSławomir Nahotko.
260 _aBydgoszcz :
_bTNOiK [Towarzystwo Naukowe Organizacji i Kierownictwa] :
_bOficyna Wydawnicza Ośrodka Postępu Organizacyjnego,
_c1996.
300 _a244 s. ;
_c21 cm.
504 _aBibliogr.
650 9 _aPrzedsiębiorstwo
_xbadanie
_xmetody
650 9 _aPrzedsiębiorstwo
_xfinanse
_xbadanie
020 _a8386827270
040 _cBPK
041 0 _apl
080 _a658.1/.5
920 _a83-86827-27-0
942 _cKS
008 s pl f |000 0 pol
999 _c40327
_d40327
856 _uhttp://koha.tu.koszalin.pl/cgi-bin/koha/opac-detail.pl?biblionumber=40327
_yKatalog online BPK